Countries by Early Maps Quiz Stats

 Plays Quiz Updated Apr 8, 2013

Challenge
Share
Tweet
Score 0/16 Timer 07:00
5 Plays Today
Picture Number Country % Correct
Spain and Portugal
94.1%
Italy
93.8%
India
88.3%
Mexico
81.3%
Turkey
72.5%
Cyprus
64.4%
Israel
60.3%
Morocco
58.7%
Picture Number Country % Correct
Iceland
55%
Netherlands
48%
Russia
44.8%
Iran
44%
Japan
22.5%
Ireland
20.1%
Egypt
17.4%
China
13%

You're not logged in!

Compare scores with friends on all Sporcle quizzes.
Join for Free
OR
Log In

You Might Also Like...

Show Comments

Extras

Top Quizzes Today


Score Distribution

Your Account Isn't Verified!

In order to create a playlist on Sporcle, you need to verify the email address you used during registration. Go to your Sporcle Settings to finish the process.

Report this User

Report this user for behavior that violates our Community Guidelines.

Details: